| 000 | 00580cam a22001697a 4500 | ||
|---|---|---|---|
| 008 | 180718b2001 xxu||||| |||| 00| 0 eng d | ||
| 082 | _aR11x51 F214 | ||
| 100 | _aFang, Cai | ||
| 245 |
_aLabor market distortions and economic growth: examining institutional components of regional disparity in China _cby Cai Fang, Wang Dewen and Du Yang |
||
| 260 |
_a _bCentre for Human Resource Studies _c2001 |
||
| 300 | _a26p. | ||
| 440 | _aWorking paper series; no. 10 | ||
| 650 | _aEconomic development | ||
| 650 | _aLabour market - China | ||
| 700 | _aYang, Du | ||
| 700 | _aDewen, Wang | ||
| 999 |
_c492575 _d492575 |
||